000 00535nam a2200157 4500
999 _c16898
_d16898
008 220411b ||||| |||| 00| 0 eng d
022 _a0117-3308
082 _aDPer 004.1105 C73 Sept 2010 - April 2011 v. 20 n. 3-9
100 _aKrill, Paul.
_945131
245 _aMicrosoft defends complex software licensing efforts/
_cPaul Krill.
260 _aPhilippines:
_bSchneider Electric,
_c©2010-2011.
300 _av20 n5, page 8;
_c27 cm.
500 _aComputer world.
650 _aComputer software
_2License.
_945132
942 _2ddc
_cPER